« Retourner aux résultats de recherche
Et la babouche noire
| Auteur principal: | Serena Blasco Illustrateur |
|---|---|
| D'autres auteurs: | Lucie Arnoux |
| D'autres auteurs: | Nancy Springer |
| Support: | Livres |
| Langue: | Francais |
| Publié: |
2022 Jungle ! [Bruxelles] |
| Series: |
Les enquêtes d'Enola Holmes |
| Genre: |
Bande Dessinée enfant ado |
| Collection: |
|
| Sujets: | |
| Étiquettes: |
Ajouter
Pas de Tags !
|
| LEADER | 00846nam0a2200241 450 | ||
|---|---|---|---|
| 001 | 16840584 | ||
| 010 | |a 978-2-8222-3662-1 |b rel. |d 13,95 | ||
| 100 | |a 20221103d2022 u u0frey01 ba | ||
| 101 | 0 | |a fre | |
| 102 | |a FR | ||
| 200 | 0 | |a Et la babouche noire |f Serena Blasco, Lucie Arnoux |g d'après le roman de Nancy Springer | |
| 207 | 1 | |a | |
| 210 | |a [Bruxelles] |c Jungle ! |d 2022 | ||
| 215 | |a 1 vol. (58 p.) |c ill. en coul. |d 31 cm | ||
| 225 | 1 | |v 7 | |
| 300 | |a En appendice, 'carnet secret Enola Holmes' | ||
| 461 | 0 | |t Les enquêtes d'Enola Holmes |v 7 | |
| 700 | 0 | |a Blasco |b Serena |c Illustrateur |4 70 | |
| 701 | 0 | |a Arnoux |b Lucie |4 70 | |
| 702 | 0 | |a Springer |b Nancy |f 1948-.... |4 100 | |
| 900 | |a Bande Dessinée enfant ado | ||
| 901 | |a Accessible au prêt | ||
| 995 | |a Bibliothèque |c Bibliothèque |f 024023048 |h 024023048 |k BD BLA |o p |q j |r az |e Bibliothèque | ||
